Southville International School and Colleges
Your cart is empty.
  • Cart
  • Lists
    Public lists list_1 View all
    Your lists Log in to create your own lists
  • Log in to your account
  • Your cookies
  • Search history
Southville International School and Colleges
  • Advanced search
  • Recent comments
  • Most popular
  • Libraries

Log in to your account

Log in with GOOGLE


If you do not have an external account, but do have a local account, you can still log in:

  1. Home
  2. MARC view: How to design and evaluate research in education /
Normal view MARC view ISBD view

How to design and evaluate research in education / (Record no. 117850)

[ view plain ]
MARC details
000 -LEADER
fixed length control field 00636nam a2200193Ia 4500
008 - FIXED-LENGTH DATA ELEMENTS--GENERAL INFORMATION
fixed length control field 140529s9999 xx 000 0 und d
020 ## - INTERNATIONAL STANDARD BOOK NUMBER
International Standard Book Number 9780071088671
050 ## - LIBRARY OF CONGRESS CALL NUMBER
Classification number LB 1028
Item number .F665 2008
100 ## - MAIN ENTRY--PERSONAL NAME
Personal name Fraenkel, Jack R.
245 ## - TITLE STATEMENT
Title How to design and evaluate research in education /
Statement of responsibility, etc Jack R. Fraenkel, Norman E. Wallen
250 ## - EDITION STATEMENT
Edition statement 7th ed.
260 ## - PUBLICATION, DISTRIBUTION, ETC. (IMPRINT)
Place of publication, distribution, etc New York :
Name of publisher, distributor, etc McGraw-Hill,
Date of publication, distribution, etc c2008.
300 ## - PHYSICAL DESCRIPTION
Extent 642 p. :
Other physical details ill. ;
Dimensions 26 cm.
500 ## - GENERAL NOTE
General note Includes appendices, bibliographical references, glossary and index.
521 ## - TARGET AUDIENCE NOTE
Target audience note
650 ## - SUBJECT ADDED ENTRY--TOPICAL TERM
Topical term or geographic name as entry element Proposal writing in educational research.
942 ## - ADDED ENTRY ELEMENTS (KOHA)
Call number prefix Foreign
Koha item type Books
Holdings
Withdrawn status Lost status Damaged status Home library Current library Shelving location Date acquired Cost, normal purchase price Total Checkouts Total Renewals Full call number Barcode Date last seen Date checked out Price effective from Koha item type
      College Library College Library General Circulation Section 05/30/2014 795.00 1 17 LB 1028 .F665 2008 C12220 05/15/2018 07/07/2017 05/30/2014 Books

How to design and evaluate research in education /

APA

Fraenkel J. R., . (2008). How to design and evaluate research in education. New York: McGraw-Hill.

Chicago

Fraenkel Jack R, . 2008. How to design and evaluate research in education. New York: McGraw-Hill.

Harvard

Fraenkel J. R., . (2008). How to design and evaluate research in education. New York: McGraw-Hill.

MLA

Fraenkel Jack R, . How to design and evaluate research in education. New York: McGraw-Hill. 2008.

  • Place hold
  • Print
  • Cite
  • Add to your cart (remove)
  • Save record
    BIBTEX Dublin Core MARCXML MARC (non-Unicode/MARC-8) MARC (Unicode/UTF-8) MARC (Unicode/UTF-8, Standard) MODS (XML) RIS
  • More searches
    Search for this title in:
    Other Libraries (WorldCat) Other Databases (Google Scholar) Online Stores (Bookfinder.com) Open Library (openlibrary.org)

Exporting to Dublin Core...

SOUTHVILLE LIBRARY

Southville International School and Colleges Library

1281 Tropical Ave. Cor. Luxembourg St., BF Homes International, Las Pinas City

Tel. No. 8256374 / 252358 Loc. 117/146

Powered by Koha